[Event "OHS 2017"]
[Site "?"]
[Date "2017.02.20"]
[Round "4.12"]
[White "Heinz, Hans-Werner"]
[Black "Säglitz, Patrick"]
[Result "0-1"]
[WhiteElo "1193"]
[BlackElo "1622"]
[PlyCount "70"]
[EventDate "2017.??.??"]
[WhiteTeam "SV Unser Fritz Wanne-E"]
[BlackTeam "SC Gerthe 46 - Werne"]

1. e4 c5 2. Nf3 d6 3. d3 g6 4. Be2 Bg7 5. c3 Nf6 6. h3 O-O 7. O-O e5 8. a3 a5
9. Nh2 Be6 10. Nd2 d5 11. c4 dxe4 12. dxe4 Nc6 13. Nhf3 Qc7 14. b3 Rfd8 15. Qc2
Nd4 16. Nxd4 Rxd4 17. Bb2 Rd7 18. Rad1 Rad8 19. Nf3 Rxd1 20. Bxd1 Nh5 21. Ng5
Nf4 22. Nxe6 Nxe6 23. f3 Qd6 24. Be2 Nf4 25. Kh2 Nxe2 26. Qxe2 f5 27. Rf2 Bh6
28. Qc2 Be3 29. Re2 Bd4 30. Rd2 Qc7 31. g3 Qf7 32. Bxd4 cxd4 33. Rd3 fxe4 34.
fxe4 Rf8 35. Kg2 Qf1+ 0-1

[Event "OHS 2017"]
[Site "?"]
[Date "2017.02.20"]
[Round "4.13"]
[White "Deutschmann, Jürgen"]
[Black "Neumann, Frank"]
[Result "1-0"]
[WhiteElo "1462"]
[BlackElo "1268"]
[PlyCount "105"]
[EventDate "2017.??.??"]
[WhiteTeam "SV Hattingen e.V."]
[BlackTeam "SV Waltrop 1922 e.V."]

1. d4 Nf6 2. c4 g6 3. Nc3 Bg7 4. Nf3 O-O 5. Rb1 d6 6. e4 e5 7. dxe5 dxe5 8.
Qxd8 Rxd8 9. Bg5 Re8 10. h3 c6 11. Be2 Nbd7 12. O-O b6 13. b4 c5 14. a3 Bb7 15.
Nd2 Rab8 16. Rfd1 Nf8 17. Nd5 Nxd5 18. cxd5 f6 19. Be3 cxb4 20. axb4 Bc8 21. b5
f5 22. f3 f4 23. Bf2 g5 24. Nc4 Ng6 25. Ra1 Bd7 26. Nd6 Red8 27. Rxa7 Bf8 28.
Nf5 h5 29. d6 Bxf5 30. exf5 Nh4 31. Bxh4 gxh4 32. Bc4+ Kh8 33. d7 Kg7 34. Bd5
Kf6 35. Be4 Bc5+ 36. Kh2 Ke7 37. Bc6 Kf6 38. Rda1 Ke7 39. f6+ Kxf6 40. Ra8 Bd6
41. Rxb8 Bxb8 42. Kg1 Ke6 43. Rd1 Ke7 44. Kf2 Bc7 45. Ke2 Rg8 46. Kf1 Rg6 47.
Rd5 Re6 48. Rd2 Rf6 49. Ra2 Rf8 50. Ke2 Rd8 51. Kd3 Rg8 52. Ke4 Ke6 53. Bd5+
1-0

[Event "OHS 2017"]
[Site "?"]
[Date "2017.02.20"]
[Round "4.14"]
[White "Nioduschewski, Nils"]
[Black "Jordan, Klaus-Dieter"]
[Result "1/2-1/2"]
[WhiteElo "1301"]
[BlackElo "1128"]
[PlyCount "69"]
[EventDate "2017.??.??"]
[WhiteTeam "SV Unser Fritz Wanne-E"]
[BlackTeam "vereinslos"]

1. c4 Nf6 2. Nc3 d6 3. e3 e5 4. Be2 g6 5. d4 Nbd7 6. Nf3 Bg7 7. O-O O-O 8. b3
c5 9. d5 e4 10. Nd2 Re8 11. Bb2 a5 12. a4 Nf8 13. Re1 h5 14. f3 exf3 15. Bxf3
Ng4 16. Nf1 Ne5 17. Rb1 Bg4 18. Bxg4 Nxg4 19. h3 Ne5 20. Ne4 Nh7 21. Nh2 Ng5
22. Nxg5 Qxg5 23. Nf3 Nxf3+ 24. Qxf3 Bxb2 25. Rxb2 Re5 26. Rf2 Rf5 27. Qe2 Re8
28. Rxf5 Qxf5 29. Qf3 Re5 30. Qxf5 gxf5 31. Kf2 Kg7 32. Kf3 Kg6 33. h4 Re4 34.
g3 Kf6 35. Rf1 1/2-1/2

[Event "OHS 2017"]
[Site "?"]
[Date "2017.02.20"]
[Round "4.15"]
[White "Hesse, Tim"]
[Black "Benning, Martin"]
[Result "0-1"]
[WhiteElo "900"]
[BlackElo "1562"]
[PlyCount "88"]
[EventDate "2017.??.??"]
[WhiteTeam "vereinslos"]
[BlackTeam "SG Bochum 1931"]

1. e4 c5 2. Nf3 e6 3. d4 cxd4 4. Nxd4 Bc5 5. Nc3 Qb6 6. Na4 Qa5+ 7. Nc3 Ne7 8.
Bc4 O-O 9. Nb3 Qb6 10. O-O f5 11. Na4 Bxf2+ 12. Rxf2 Qb4 13. Qd3 Qxa4 14. Nc5
Qc6 15. Be3 b6 16. Bb5 Qc7 17. Rd1 bxc5 18. Bf4 Qb6 19. Bd6 Rf7 20. Qc4 Nbc6
21. Bxc5 Qb7 22. Rd6 Ne5 23. Qb3 Rb8 24. a4 Qxe4 25. Re2 Qxe2 26. Bxe2 Rxb3 27.
cxb3 N7c6 28. b4 a6 29. b5 axb5 30. axb5 Na5 31. Bd4 Nac4 32. Bxe5 Nxd6 33.
Bxd6 f4 34. Bf3 Rf5 35. b6 Rb5 36. Bxf4 Rxb6 37. Be5 d6 38. Bd4 Rb8 39. h4 e5
40. Bc3 Kf7 41. g4 Ke6 42. Kg2 Bb7 43. Kg3 Bxf3 44. Kxf3 d5 0-1

[Event "OHS 2017"]
[Site "?"]
[Date "2017.02.20"]
[Round "4.16"]
[White "Kümmel, Hans-Jürgen"]
[Black "Bott, Michael"]
[Result "0-1"]
[WhiteElo "1324"]
[BlackElo "1361"]
[PlyCount "135"]
[EventDate "2017.??.??"]
[WhiteTeam "SV Günnigfeld 1922 e.V"]
[BlackTeam "SV Zeppelin Herne e.V."]

1. Nf3 c5 2. c4 Nc6 3. Nc3 g6 4. g3 Bg7 5. Bg2 d6 6. O-O e5 7. d3 Bg4 8. Bd2
Qd7 9. Nd5 Rc8 10. Rb1 Nge7 11. b4 Nxd5 12. cxd5 Nxb4 13. Bxb4 cxb4 14. Rxb4
O-O 15. Ng5 Rc7 16. f3 h6 17. fxg4 hxg5 18. Qb3 Rfc8 19. Rc4 Rxc4 20. dxc4 Rc5
21. Rb1 b6 22. Bf3 e4 23. Bxe4 Qxg4 24. Bf3 Qc8 25. Qe3 Rxc4 26. Qxg5 Qe8 27.
Rb3 Bd4+ 28. Kg2 Rc2 29. Qg4 Bc5 30. h4 Qe5 31. h5 Qg7 32. hxg6 Qxg6 33. Qxg6+
fxg6 34. Kh3 Rxa2 35. e4 a5 36. Kg4 a4 37. Rb1 a3 38. Bd1 Rb2 39. Rxb2 axb2 40.
Bc2 Bd4 41. Kf3 Kf7 42. Kg4 Kf6 43. Bb1 g5 44. Bc2 Be3 45. Bb1 Ke5 46. Kf3 Kd4
47. Ke2 Bg1 48. Bd3 b5 49. Bb1 g4 50. Kf1 Be3 51. Ke2 Bg5 52. Bc2 b4 53. Bd3 b3
54. Bb1 Kc3 55. Bd3 b1=Q 56. Bxb1 Kb2 57. Bd3 Kc1 58. Bc4 b2 59. Ba2 b1=Q 60.
Bxb1 Kxb1 61. Kd3 Kc1 62. e5 dxe5 63. d6 Kd1 64. d7 Ke1 65. Ke4 Kf2 66. Kf5 Bd8
67. Kxe5 Kxg3 68. Ke4 0-1

[Event "OHS 2017"]
[Site "?"]
[Date "2017.02.20"]
[Round "4.18"]
[White "Gausmann, Thomas"]
[Black "Wenzel, Jakoba"]
[Result "1-0"]
[WhiteElo "1443"]
[BlackElo "1313"]
[PlyCount "59"]
[EventDate "2017.??.??"]
[WhiteTeam "SG Bochum 1931"]
[BlackTeam "SV Unna 1924"]

1. e4 d6 2. d4 Nf6 3. Nc3 Nbd7 4. Nf3 e5 5. Bc4 Be7 6. O-O O-O 7. Re1 c6 8. a3
a5 9. Bd3 Qc7 10. h3 Re8 11. Be3 Nf8 12. Qd2 Nh5 13. Rad1 Ng6 14. Ne2 Nh4 15.
Nxh4 Bxh4 16. c4 Re6 17. dxe5 Rg6 18. exd6 Qd7 19. e5 Rxg2+ 20. Kxg2 Qxh3+ 21.
Kg1 Bg4 22. Be4 Be6 23. Bg2 Qf5 24. Qd4 g5 25. Qe4 Qxe4 26. Bxe4 f5 27. Bc2
Bxc4 28. Bxf5 Rf8 29. d7 Bd5 30. e6 1-0

[Event "OHS 2017"]
[Site "?"]
[Date "2017.03.06"]
[Round "5.1"]
[White "Schmidt, Ralph"]
[Black "Kolakovic, Klaudio"]
[Result "0-1"]
[WhiteElo "1946"]
[BlackElo "1983"]
[PlyCount "136"]
[EventDate "2017.??.??"]
[WhiteTeam "SV Bochum-Linden-Dahlh"]
[BlackTeam "Südlohner SV 1956 e.V."]

1. e4 d6 2. Nc3 g6 3. d4 Bg7 4. Be3 Nf6 5. Be2 Nfd7 6. Qd2 h6 7. Bc4 Nc6 8. a3
a6 9. Nge2 b5 10. Ba2 Bb7 11. Rd1 Nb6 12. Qd3 O-O 13. O-O Na5 14. f4 Nac4 15.
Bc1 d5 16. e5 Bc8 17. Ng3 e6 18. Qf3 f5 19. Nh1 Qe7 20. Nf2 c6 21. Nd3 a5 22.
Nc5 b4 23. N3a4 Nxa4 24. Nxa4 Ba6 25. Nc5 Nb6 26. Nxa6 Rxa6 27. axb4 axb4 28.
Bb3 Rfa8 29. Qd3 Qe8 30. Bd2 Bf8 31. Qg3 Kh7 32. Qd3 Nd7 33. Be3 c5 34. dxc5
Bxc5 35. Bd4 Qb8 36. Kh1 Bxd4 37. Qxd4 Qb6 38. h3 Nc5 39. Rf3 Ne4 40. Kh2 h5
41. Qxb6 Rxb6 42. h4 Kg7 43. Rff1 Kf8 44. Ra1 Rba6 45. Rxa6 Rxa6 46. Rd1 Ke7
47. Kg1 Kd7 48. Kf1 Kc6 49. Ke2 Kc5 50. Ke3 Ra5 51. Rc1 Ra6 52. Rd1 Kc6 53. Rc1
Nc5 54. Rd1 Kb5 55. Kf3 Nxb3 56. cxb3 Rc6 57. Rd2 Rc1 58. Ke3 Kc5 59. g3 d4+
60. Kf2 Kd5 61. Kf3 Re1 62. Kf2 Re3 63. Rd1 Rxb3 64. Ra1 Rxb2+ 65. Kf1 b3 66.
Ra6 Ra2 67. Rd6+ Ke4 68. Rxe6 b2 0-1

[Event "OHS 2017"]
[Site "?"]
[Date "2017.03.06"]
[Round "5.2"]
[White "Kiese, Matthias"]
[Black "Scheibe, Werner"]
[Result "1-0"]
[WhiteElo "2175"]
[BlackElo "1850"]
[PlyCount "114"]
[EventDate "2017.??.??"]
[WhiteTeam "Bochumer SV 02"]
[BlackTeam "SK Sodingen/Castrop 24/23 e.V."]

1. d4 Nf6 2. Nf3 g6 3. Bf4 Bg7 4. e3 O-O 5. Be2 d6 6. O-O Nbd7 7. h3 c5 8. c3
b6 9. Nbd2 Bb7 10. a4 Ne4 11. Nxe4 Bxe4 12. Nd2 Bb7 13. Bh2 Nf6 14. a5 Qd7 15.
axb6 axb6 16. Qb3 Qc7 17. Nc4 b5 18. Qxb5 Bc6 19. Qb6 Qxb6 20. Nxb6 Rxa1 21.
Rxa1 cxd4 22. cxd4 Rb8 23. Nc4 Rb4 24. Na5 Bd5 25. b3 Ne4 26. Bc4 Bxc4 27. bxc4
Rb2 28. f3 Nd2 29. Nc6 Bf6 30. Rc1 Bh4 31. Bf4 Kf8 32. e4 Bf2+ 33. Kh1 Nb3 34.
Rd1 f6 35. d5 g5 36. Bh2 Nd2 37. Bg1 Bxg1 38. Rxg1 Nxc4 39. Ra1 Ne3 40. Ra8+
Kf7 41. Ra7 Nxg2 42. Nxe7 Ne1 43. Nf5+ Kf8 44. Ra8+ Kf7 45. Nxd6+ Kg6 46. Ra3
h5 47. Kg1 h4 48. Nf5 Rd2 49. d6 Kf7 50. Kf1 Nc2 51. Ra7+ Ke8 52. Ng7+ Kd8 53.
Ne6+ Kc8 54. Rc7+ Kb8 55. d7 Rd1+ 56. Ke2 Nd4+ 57. Kxd1 Nxe6 1-0

[Event "OHS 2017"]
[Site "?"]
[Date "2017.03.06"]
[Round "5.3"]
[White "Hahn, Matthias"]
[Black "Ewers, Christian"]
[Result "1/2-1/2"]
[WhiteElo "2050"]
[BlackElo "1721"]
[PlyCount "43"]
[EventDate "2017.??.??"]
[WhiteTeam "SV Bochum-Linden-Dahlh"]
[BlackTeam "SG Mengede 1922"]

1. d4 g6 2. e4 Bg7 3. Nf3 d6 4. Nbd2 Nh6 5. Bd3 f6 6. O-O Nf7 7. c3 O-O 8. Re1
e5 9. Nf1 Nc6 10. h3 f5 11. dxe5 dxe5 12. Bc4 Qxd1 13. Rxd1 Na5 14. Bd3 f4 15.
b4 Nc6 16. Ba3 Ncd8 17. N1d2 Be6 18. Nb3 b6 19. c4 c6 20. Bb2 Nb7 21. Rac1 a5
22. a3 1/2-1/2

[Event "OHS 2017"]
[Site "?"]
[Date "2017.03.06"]
[Round "5.4"]
[White "Eckert, Marius"]
[Black "Müller-Kreth, Kai"]
[Result "1-0"]
[WhiteElo "1944"]
[BlackElo "1774"]
[PlyCount "67"]
[EventDate "2017.??.??"]
[WhiteTeam "SV Waltrop 1922 e.V."]
[BlackTeam "SK Sodingen/Castrop 24/23 e.V."]

1. d4 Nf6 2. Bf4 e6 3. e3 d5 4. c3 c5 5. Nd2 Nc6 6. Ngf3 Be7 7. Bd3 O-O 8. Ne5
Qb6 9. Rb1 cxd4 10. exd4 Nxe5 11. dxe5 Nd7 12. O-O Rd8 13. Re1 Nf8 14. Nf3 Ng6
15. Bg3 Bd7 16. h4 Bb5 17. Bc2 Rac8 18. h5 Nf8 19. Nd4 Bd7 20. f4 Rc7 21. Bf2
Bc5 22. Bd3 a5 23. Kh2 Kh8 24. Qg4 Bxd4 25. Bxd4 Qc6 26. Qg5 Rcc8 27. f5 h6 28.
Qf4 Nh7 29. f6 Ng5 30. fxg7+ Kxg7 31. Qf6+ Kg8 32. Qxh6 Ne4 33. Bxe4 dxe4 34.
Re3 1-0

[Event "OHS 2017"]
[Site "?"]
[Date "2017.03.06"]
[Round "5.5"]
[White "Melmer, Felix"]
[Black "Klüting, Reiner"]
[Result "1-0"]
[WhiteElo "1908"]
[BlackElo "1869"]
[PlyCount "37"]
[EventDate "2017.??.??"]
[WhiteTeam "SC Gerthe 46 - Werne"]
[BlackTeam "SV Wattenscheid 1930 e"]

1. f4 e5 2. fxe5 d6 3. exd6 Bxd6 4. Nf3 Bg4 5. e4 Qe7 6. Nc3 f5 7. d3 Nf6 8.
Bg5 Nc6 9. Be2 O-O-O 10. O-O fxe4 11. Nxe4 Qxe4 12. dxe4 Bc5+ 13. Kh1 Rxd1 14.
Raxd1 Nxe4 15. Bh4 g5 16. Be1 h5 17. Bd3 Rd8 18. Ra1 Bxf3 19. Rxf3 1-0

[Event "OHS 2017"]
[Site "?"]
[Date "2017.03.06"]
[Round "5.6"]
[White "Wübker, Paul-Luca"]
[Black "Boost, Jürgen"]
[Result "1/2-1/2"]
[WhiteElo "1792"]
[BlackElo "1827"]
[PlyCount "58"]
[EventDate "2017.??.??"]
[WhiteTeam "SG Bochum 1931"]
[BlackTeam "SC Gerthe 46 - Werne"]

1. d4 d5 2. c4 e6 3. Nc3 Nf6 4. Bg5 Be7 5. cxd5 exd5 6. e3 O-O 7. Bd3 c5 8.
dxc5 Nbd7 9. Rb1 Nxc5 10. Bc2 Be6 11. Nge2 Nce4 12. Bh4 Rc8 13. O-O Nxc3 14.
Nxc3 Ne4 15. Bxe7 Qxe7 16. Bxe4 dxe4 17. Qa4 Bc4 18. Rfd1 Bd3 19. Rbc1 b5 20.
Qa5 Qb7 21. a3 a6 22. Na2 Rxc1 23. Rxc1 Qd5 24. Nb4 Qb3 25. h3 Qxb2 26. Rc6
Qa1+ 27. Kh2 Qe5+ 28. Kg1 Qa1+ 29. Kh2 Qe5+ 1/2-1/2

[Event "OHS 2017"]
[Site "?"]
[Date "2017.03.06"]
[Round "5.8"]
[White "Funke, Eckhard"]
[Black "Wingerning, Gerd"]
[Result "1-0"]
[WhiteElo "1819"]
[BlackElo "1749"]
[PlyCount "79"]
[EventDate "2017.??.??"]
[WhiteTeam "SV Günnigfeld 1922 e.V"]
[BlackTeam "SC Buer-Hassel 1919 e.V."]

1. d4 d5 2. c4 c6 3. Nc3 Nf6 4. Bg5 e6 5. cxd5 cxd5 6. e3 Be7 7. Bd3 O-O 8. Nf3
Qb6 9. Qe2 Nc6 10. O-O Nb4 11. Bb1 Qa6 12. Qd1 Kh8 13. Ne5 g6 14. Bh6 Re8 15.
Nxf7+ Kg8 16. Ne5 Bf8 17. Bxg6 hxg6 18. Bxf8 Rxf8 19. Qb1 Nh5 20. Qxg6+ Ng7 21.
Ng4 e5 22. Nh6+ Kh8 23. Nf7+ Kg8 24. Nh6+ Kh8 25. Nf7+ Kg8 26. Qxa6 Nxa6 27.
Nxe5 Be6 28. Nb5 b6 29. Rac1 Ne8 30. a3 Bf5 31. f3 Be6 32. g4 Rf6 33. Kg2 Rh6
34. Kg3 Nf6 35. Rc3 Ne8 36. Rfc1 Kf8 37. h4 Rh7 38. Rc6 Ke7 39. Nc7 Bd7 40.
Nxa6 1-0

[Event "OHS 2017"]
[Site "?"]
[Date "2017.03.06"]
[Round "5.10"]
[White "Zygan, Michael"]
[Black "Boxberg, Marc"]
[Result "1-0"]
[WhiteElo "1768"]
[BlackElo "1604"]
[PlyCount "77"]
[EventDate "2017.??.??"]
[WhiteTeam "SK Sodingen/Castrop 24/23 e.V."]
[BlackTeam "SVigung Marten-Bövingh"]

1. d4 Nf6 2. c4 g6 3. Nc3 Bg7 4. e4 d6 5. Nf3 O-O 6. Be2 e5 7. O-O Nc6 8. d5
Ne7 9. b4 Ne8 10. c5 f5 11. Nd2 Nf6 12. f3 f4 13. Nc4 a6 14. a4 h5 15. Ba3 Bd7
16. cxd6 cxd6 17. b5 Nc8 18. Qb3 a5 19. b6 Ne8 20. Nb5 Rf6 21. Rab1 Nxb6 22.
Nbxd6 Nxd6 23. Nxb6 Rb8 24. Nxd7 Qxd7 25. Bb5 Nxb5 26. Qxb5 Qxb5 27. Rxb5 b6
28. Rfb1 Bf8 29. Bxf8 Kxf8 30. Rxa5 bxa5 31. Rxb8+ Ke7 32. Ra8 Rb6 33. h4 g5
34. hxg5 Rg6 35. Rxa5 h4 36. Ra7+ Kd8 37. Rh7 Rxg5 38. Rxh4 Rg7 39. Rh6 1-0

[Event "OHS 2017"]
[Site "?"]
[Date "2017.03.06"]
[Round "5.12"]
[White "Jordan, Klaus-Dieter"]
[Black "Ponto, Michael"]
[Result "0-1"]
[WhiteElo "1128"]
[BlackElo "1665"]
[PlyCount "82"]
[EventDate "2017.??.??"]
[WhiteTeam "vereinslos"]
[BlackTeam "SV Unser Fritz Wanne-E"]

1. d4 d5 2. c4 c6 3. Qc2 Nf6 4. g3 g6 5. Bg2 Bg7 6. e3 O-O 7. Ne2 Nbd7 8. Na3
e5 9. O-O Re8 10. Rb1 Nf8 11. b4 Bf5 12. Qb3 Bxb1 13. Qxb1 exd4 14. Nxd4 Rc8
15. b5 c5 16. Ne2 d4 17. Nf4 b6 18. Nd5 Ne6 19. e4 Nxd5 20. exd5 Nc7 21. Qd3 f5
22. Nc2 Be5 23. Bh3 Qd7 24. Ne1 Bd6 25. Ng2 Qf7 26. Bf4 Rcd8 27. a4 Qf6 28.
Bxd6 Rxd6 29. Nf4 Qe5 30. Ng2 Qe4 31. Nf4 g5 32. Qxe4 fxe4 33. Nh5 Kf7 34. f4
Kg6 35. g4 e3 36. f5+ Kf7 37. Re1 d3 38. Bf1 e2 39. Kf2 exf1=Q+ 40. Kxf1 Rxe1+
41. Kxe1 Nxd5 0-1

[Event "OHS 2017"]
[Site "?"]
[Date "2017.03.06"]
[Round "5.13"]
[White "Engelmann, Chris"]
[Black "Nioduschewski, Nils"]
[Result "1/2-1/2"]
[WhiteElo "1603"]
[BlackElo "1301"]
[PlyCount "43"]
[EventDate "2017.??.??"]
[WhiteTeam "SV Unser Fritz Wanne-E"]
[BlackTeam "SV Unser Fritz Wanne-E"]

1. e4 e5 2. Nf3 Nc6 3. d4 exd4 4. Nxd4 Nxd4 5. Qxd4 c5 6. Qc3 Be7 7. Qxg7 Bf6
8. Qg3 Qb6 9. Nc3 Ne7 10. Be2 Rg8 11. Qf3 Bxc3+ 12. Qxc3 Qg6 13. Bf3 d6 14. Bf4
Bg4 15. O-O-O Bxf3 16. gxf3 O-O-O 17. Qa5 Nc6 18. Qa3 Qf6 19. Bg3 b6 20. Rd5
Kb7 21. Rf5 Qe6 22. Rd1 1/2-1/2

[Event "OHS 2017"]
[Site "?"]
[Date "2017.03.06"]
[Round "5.14"]
[White "Benning, Martin"]
[Black "Gausmann, Thomas"]
[Result "1/2-1/2"]
[WhiteElo "1562"]
[BlackElo "1443"]
[PlyCount "51"]
[EventDate "2017.??.??"]
[WhiteTeam "SG Bochum 1931"]
[BlackTeam "SG Bochum 1931"]

1. d4 Nf6 2. c4 e5 3. dxe5 Ng4 4. e6 Bb4+ 5. Bd2 Qf6 6. exf7+ Kxf7 7. Nf3 Qxb2
8. Bxb4 Qxb4+ 9. Nbd2 Nc6 10. e3 Qe7 11. Be2 d6 12. O-O Rf8 13. Nd4 Nxd4 14.
Bxg4 Bxg4 15. Qxg4 Nc6 16. Qh5+ Kg8 17. Qd5+ Kh8 18. Rab1 Rab8 19. Nf3 Qf6 20.
c5 dxc5 21. Qxc5 b6 22. Qc4 Rf7 23. Qb5 Qg6 24. Rfc1 Rxf3 25. Qxc6 Qxc6 26.
Rxc6 1/2-1/2

[Event "OHS 2017"]
[Site "?"]
[Date "2017.03.06"]
[Round "5.15"]
[White "Hesse, Tim"]
[Black "Krolik, Wilfried"]
[Result "0-1"]
[WhiteElo "900"]
[BlackElo "1557"]
[PlyCount "58"]
[EventDate "2017.??.??"]
[WhiteTeam "vereinslos"]
[BlackTeam "SV Waltrop 1922 e.V."]

1. e4 c5 2. Nf3 Nc6 3. Nc3 d6 4. d3 Nf6 5. d4 cxd4 6. Nxd4 a6 7. Bc4 e6 8. O-O
Be7 9. b3 O-O 10. Ba3 Bd7 11. Nf3 b5 12. Bd3 b4 13. Bb2 bxc3 14. Bxc3 Qb6 15.
a4 a5 16. Rb1 Nb4 17. Bd4 Qc7 18. Bc4 e5 19. Be3 Nxe4 20. Qe1 d5 21. Bb5 Bxb5
22. axb5 Bc5 23. c3 Nc2 24. Qe2 Nxe3 25. fxe3 Nxc3 26. Qd2 Nxb1 27. Rxb1 Rfd8
28. Rc1 Qb6 29. Re1 Bb4 0-1

[Event "OHS 2017"]
[Site "?"]
[Date "2017.03.06"]
[Round "5.16"]
[White "Kümmel, Hans-Jürgen"]
[Black "Heinz, Hans-Werner"]
[Result "1/2-1/2"]
[WhiteElo "1324"]
[BlackElo "1193"]
[PlyCount "64"]
[EventDate "2017.??.??"]
[WhiteTeam "SV Günnigfeld 1922 e.V"]
[BlackTeam "SV Unser Fritz Wanne-E"]

1. d4 d5 2. Nf3 Nf6 3. g3 Nc6 4. Bg2 e6 5. O-O h6 6. b3 Be7 7. Bb2 O-O 8. Nbd2
a5 9. a4 Nh7 10. e4 Ng5 11. Nxg5 Bxg5 12. Nf3 Be7 13. e5 f5 14. exf6 Bxf6 15.
Re1 Re8 16. Qd3 Nb4 17. Qg6 Nc6 18. Ne5 Rf8 19. Nxc6 bxc6 20. Bh3 Re8 21. Re2
Bd7 22. Rae1 Qc8 23. Bc1 Re7 24. Bxh6 Be8 25. Qg4 Bf7 26. Bg5 Bxg5 27. Qxg5 Qd7
28. Qf4 Rae8 29. Re5 Rf8 30. Qg5 Qe8 31. Bf1 Bg6 32. Bh3 Rf6 1/2-1/2

[Event "OHS 2017"]
[Site "?"]
[Date "2017.03.13"]
[Round "6.1"]
[White "Kolakovic, Klaudio"]
[Black "Kiese, Matthias"]
[Result "1-0"]
[WhiteElo "1983"]
[BlackElo "2175"]
[PlyCount "123"]
[EventDate "2017.??.??"]
[WhiteTeam "Südlohner SV 1956 e.V."]
[BlackTeam "Bochumer SV 02"]

1. e4 c5 2. Nf3 d6 3. d4 cxd4 4. Nxd4 Nf6 5. Bd3 Nc6 6. Nxc6 bxc6 7. c4 g6 8.
Nc3 Bg7 9. O-O O-O 10. h3 Nd7 11. Be3 Nc5 12. Bxc5 dxc5 13. Qc2 Rb8 14. Rad1
Qa5 15. Na4 Bd4 16. b3 e5 17. Kh1 Qd8 18. Be2 Qh4 19. Kg1 f5 20. Bf3 f4 21. Qe2
h5 22. Rxd4 cxd4 23. Nc5 Qe7 24. Nd3 a5 25. Qd2 Qc7 26. Rc1 c5 27. Bd1 Kh7 28.
f3 Be6 29. Be2 Rf6 30. Bf1 g5 31. g4 Rh6 32. Qb2 hxg4 33. hxg4 Kg7 34. Qa3 Rc8
35. Rc2 Kf6 36. Rg2 Rh3 37. Kf2 Bd7 38. Rg1 Rh2+ 39. Rg2 Rxg2+ 40. Kxg2 Ke7 41.
Kf2 Kd6 42. Be2 Rh8 43. Ke1 Qb6 44. Kd2 Rb8 45. Qc1 Rh8 46. Qa3 Qa7 47. b4 cxb4
48. Qb3 Qc7 49. c5+ Ke7 50. Qc4 Be6 51. Qa6 Rc8 52. Bd1 Rb8 53. Bb3 Bxb3 54.
axb3 Kf7 55. Qh6 Rg8 56. Qh7+ Rg7 57. Qf5+ Ke8 58. Qe6+ Qe7 59. Qd5 Rh7 60.
Nxe5 Rh2+ 61. Kd3 Qa7 62. Qg8+ 1-0

[Event "OHS 2017"]
[Site "?"]
[Date "2017.03.13"]
[Round "6.2"]
[White "Eckert, Marius"]
[Black "Hahn, Matthias"]
[Result "1/2-1/2"]
[WhiteElo "1944"]
[BlackElo "2050"]
[PlyCount "24"]
[EventDate "2017.??.??"]
[WhiteTeam "SV Waltrop 1922 e.V."]
[BlackTeam "SV Bochum-Linden-Dahlh"]

1. d4 Nf6 2. Bf4 g6 3. Nc3 d5 4. e3 Bg7 5. h4 O-O 6. h5 c5 7. hxg6 hxg6 8. Nf3
Nc6 9. Ne5 cxd4 10. exd4 Qb6 11. Nxc6 bxc6 12. Qd2 Ne4 1/2-1/2

[Event "OHS 2017"]
[Site "?"]
[Date "2017.03.13"]
[Round "6.3"]
[White "Melmer, Felix"]
[Black "Schmidt, Ralph"]
[Result "1/2-1/2"]
[WhiteElo "1908"]
[BlackElo "1946"]
[PlyCount "92"]
[EventDate "2017.??.??"]
[WhiteTeam "SC Gerthe 46 - Werne"]
[BlackTeam "SV Bochum-Linden-Dahlh"]

1. e4 e5 2. Nf3 Nc6 3. Bc4 Bc5 4. c3 Nf6 5. d3 d6 6. O-O h6 7. Nbd2 O-O 8. a4
a6 9. Re1 Qe7 10. Nf1 Nd8 11. Ng3 Kh7 12. b4 Ba7 13. d4 Bg4 14. h3 Be6 15. Bd3
Bd7 16. Be3 Ng8 17. c4 g6 18. Qd2 exd4 19. Nxd4 Qf6 20. Nc2 Bxe3 21. Nxe3 Nc6
22. Nd5 Qd8 23. f4 Nd4 24. Qb2 c5 25. bxc5 dxc5 26. Qxb7 Bxh3 27. gxh3 Qh4 28.
Kg2 Rab8 29. Qd7 Rb2+ 30. Ne2 Rd2 31. Qg4 Qxg4+ 32. hxg4 Rxd3 33. Nxd4 Rxd4 34.
a5 Rxc4 35. Nc7 Nf6 36. Nxa6 Rd8 37. Nc7 Rd2+ 38. Kf3 Rcc2 39. e5 Rf2+ 40. Ke3
Nxg4+ 41. Ke4 Rcd2 42. Ra4 f5+ 43. exf6 Nxf6+ 44. Ke5 Kg7 45. Ke6 Nd7 46. Ke7
Nb8 1/2-1/2

[Event "OHS 2017"]
[Site "?"]
[Date "2017.03.13"]
[Round "6.4"]
[White "Scheibe, Werner"]
[Black "Ewers, Christian"]
[Result "1-0"]
[WhiteElo "1850"]
[BlackElo "1721"]
[PlyCount "72"]
[EventDate "2017.??.??"]
[WhiteTeam "SK Sodingen/Castrop 24/23 e.V."]
[BlackTeam "SG Mengede 1922"]

1. e4 g6 2. Nf3 Bg7 3. d4 d6 4. Bc4 Nh6 5. h3 f6 6. O-O e6 7. Nc3 Nf7 8. Ne2
O-O 9. c3 d5 10. Bd3 c6 11. Ng3 e5 12. dxe5 fxe5 13. Qc2 b6 14. Rd1 Bb7 15. h4
Qd6 16. h5 Nh8 17. hxg6 hxg6 18. c4 d4 19. c5 bxc5 20. Bc4+ Nf7 21. Ng5 Ba6 22.
Nxf7 Rxf7 23. Bxf7+ Kxf7 24. b3 Nd7 25. Bg5 Qe6 26. f3 Bf8 27. Nf1 c4 28. bxc4
Qxc4 29. Qxc4+ Bxc4 30. Nd2 Ba6 31. Rdc1 c5 32. Rab1 Nb6 33. Kf2 c4 34. Rh1 d3
35. Be3 Rb8 36. Rh7+ Ke6 1-0

[Event "OHS 2017"]
[Site "?"]
[Date "2017.03.13"]
[Round "6.5"]
[White "Barth, Hans-Joachim"]
[Black "Funke, Eckhard"]
[Result "1/2-1/2"]
[WhiteElo "1702"]
[BlackElo "1819"]
[PlyCount "122"]
[EventDate "2017.??.??"]
[WhiteTeam "SG Höntrop 1947"]
[BlackTeam "SV Günnigfeld 1922 e.V"]

1. e4 c5 2. Nf3 d6 3. Bb5+ Nc6 4. O-O Bd7 5. c3 Nf6 6. Re1 e6 7. d4 cxd4 8.
Nxd4 Qc7 9. Ba4 Nxd4 10. Bxd7+ Nxd7 11. cxd4 Be7 12. Nc3 O-O 13. Be3 Nf6 14.
Rc1 Qd7 15. f4 Rfd8 16. Qf3 d5 17. e5 Ne8 18. g4 g6 19. Rf1 Ng7 20. Rc2 Bb4 21.
Rfc1 Bxc3 22. Rxc3 Rac8 23. Bf2 Rc6 24. Rxc6 bxc6 25. Qc3 Rc8 26. b4 a6 27. Qc5
Qb7 28. a4 h5 29. h3 hxg4 30. hxg4 f5 31. b5 axb5 32. axb5 fxg4 33. bxc6 Qb3
34. Qc3 Qxc3 35. Rxc3 Nf5 36. Kg2 Kf7 37. Rc1 Ke8 38. Rc5 Ne7 39. c7 Nf5 40.
Be1 Kd7 41. Ba5 Nxd4 42. Kg3 Nb3 43. Rb5 Nxa5 44. Rxa5 Rxc7 45. Kxg4 Ke7 46.
Ra4 Kf7 47. Kg5 Rd7 48. Rd4 Kg7 49. Kg4 Kh6 50. Rd1 d4 51. Kf3 d3 52. Rh1+ Kg7
53. Rd1 d2 54. Ke3 g5 55. fxg5 Kg6 56. Rxd2 Rxd2 57. Kxd2 Kxg5 58. Ke3 Kf5 59.
Kf3 Kxe5 60. Ke3 Kd5 61. Kd3 e5 1/2-1/2

[Event "OHS 2017"]
[Site "?"]
[Date "2017.03.13"]
[Round "6.6"]
[White "Deutschmann, Jürgen"]
[Black "Wübker, Paul-Luca"]
[Result "1/2-1/2"]
[WhiteElo "1462"]
[BlackElo "1792"]
[PlyCount "90"]
[EventDate "2017.??.??"]
[WhiteTeam "SV Hattingen e.V."]
[BlackTeam "SG Bochum 1931"]

1. d4 d5 2. c4 e6 3. Nc3 Nf6 4. cxd5 exd5 5. Bg5 Be7 6. e3 c6 7. Bd3 h6 8. Bh4
O-O 9. Qc2 Ng4 10. Bxe7 Qxe7 11. h3 Nf6 12. Nge2 Nbd7 13. O-O Nb6 14. Ng3 Be6
15. Rfe1 Qd6 16. Rac1 Rac8 17. Nf5 Bxf5 18. Bxf5 Rcd8 19. Bd3 Rfe8 20. Ne2 Nh5
21. Qc5 Qxc5 22. Rxc5 g6 23. b3 Nd7 24. Rc2 Kg7 25. g4 Nhf6 26. Ng3 h5 27. gxh5
Nxh5 28. Nxh5+ gxh5 29. Kh2 Kf6 30. Rce2 Nf8 31. f3 Ne6 32. h4 Rg8 33. Rg1 Rxg1
34. Kxg1 Rg8+ 35. Rg2 Rxg2+ 36. Kxg2 a5 37. Kf2 Ke7 38. Be2 Kd6 39. f4 Ng7 40.
Bd3 Ke6 41. Be2 Kf6 42. Bd1 Kg6 43. Bc2+ f5 44. a3 Ne8 45. Ke2 b5 1/2-1/2

[Event "OHS 2017"]
[Site "?"]
[Date "2017.03.13"]
[Round "6.7"]
[White "Müller-Kreth, Kai"]
[Black "Sondermann, Dirk"]
[Result "0-1"]
[WhiteElo "1774"]
[BlackElo "1768"]
[PlyCount "78"]
[EventDate "2017.??.??"]
[WhiteTeam "SK Sodingen/Castrop 24/23 e.V."]
[BlackTeam "Sport Union Annen e.V."]

1. e4 e6 2. d4 d5 3. Nc3 Bb4 4. exd5 exd5 5. Bd3 Nc6 6. Be3 Nge7 7. Qf3 Be6 8.
Nge2 Qd7 9. h3 Bf5 10. O-O-O Bxc3 11. Nxc3 Bxd3 12. Rxd3 Nb4 13. Rd2 c6 14. a3
Na6 15. Re1 O-O 16. g4 Rfe8 17. h4 Nc8 18. Rg1 Nd6 19. Bf4 Nc4 20. Re2 Nc7 21.
Qd3 b5 22. f3 a5 23. Rge1 Ne6 24. Bg3 b4 25. Nb1 Nf8 26. h5 Rxe2 27. Rxe2 Ne6
28. Nd2 bxa3 29. bxa3 Nd6 30. f4 h6 31. Re5 Re8 32. g5 hxg5 33. fxg5 Nf8 34.
Qe2 Rxe5 35. Bxe5 Nb5 36. Qf3 Qe6 37. Nb3 Nd7 38. Qf4 Nxa3 39. Kb2 Nc4+ 0-1